Statistics for Phonetic Alphabet Quiz

Click here to take the quiz!

General Stats

  • This quiz has been taken 340 times
  • The average score is 20 of 26

Answer Stats

HintAnswer% Correct
AAlpha
98%
CCharlie
95%
DDelta
94%
BBravo
92%
FFoxtrot
89%
EEcho
88%
HHotel
83%
GGolf
80%
IIndia
80%
LLima
79%
KKilo
78%
XXray
78%
NNovember
77%
ZZulu
77%
TTango
75%
MMike
74%
QQuebec
74%
SSierra
74%
OOscar
72%
RRomeo
71%
YYankee
70%
PPapa
69%
UUniform
67%
WWhiskey
67%
VVictor
62%
JJuliett
51%

Score Distribution

Percentile by Number Answered

Percent of People with Each Score

Your Score History

You have not taken this quiz